000 00776nam a2200289Ia 4500
001 34667
003 IT-RoPAU
008 130308s9999 xx 000 0 und d
040 _aIT-RoPAU
040 _cIT-RoPAU
041 _aITALIANO
100 _aSchiaffini Alfredo
100 _gCodice Aut. SPICS: 15447
245 _a"A proposito dello ""stile comico"" di Dante"
245 _bMetodi Attuali della Critica in Italia (I)
250 _a1a ed.
260 _aTORINO
260 _bERI - Edizioni Rai
260 _c1980 [1° Ed.:1980 - Ed.Ling.Originale:1955]
300 _a"10 p. (prefazione: no ; testo: 10 [pagine: 200-209])"
650 _aSEMIOLOGIA
650 _eCodice materia Spics: 3251
942 _cBK
957 _71
999 _c40481
_d40481
999 _bSI
999 _g1